| 000 | 01655nam a22002417a 4500 | ||
|---|---|---|---|
| 999 |
_c6386 _d6386 |
||
| 003 | DO-SdBJH | ||
| 005 | 20210803150838.0 | ||
| 008 | 210729b ||||| |||| 00| 0 spa d | ||
| 040 |
_aDO-SdBJH _bspa _cDO-SdBJH |
||
| 090 |
_aTG ANGM _b01624 2019 |
||
| 100 | 1 |
_aSantana Ayala, Nimrrod Yovanny _esustentante |
|
| 245 | 1 | 0 |
_aAnálisis sobre el impacto de las operaciones de interdicción marítima mediante el uso de las lanchas interceptoras de la ARD / _cNimrrod Yovanny Santana Ayala, asesores Manuel Virgilio Feliz Ledesma, Heriberto González Polanco, Ramón A. Moreno Abreu |
| 260 |
_aSanto Domingo Este : _bINSUDE, _c2019 |
||
| 300 | _aiv, 71 páginas | ||
| 502 | _aTrabajo de grado (Licenciado en Ciencias Navales). -- Instituto Superior para la Defensa (INSUDE). Academia Naval Marina de Guerra “Vicealmirante Cesar D’Windt Lavandier”, 2019 | ||
| 504 | _aIncluye referencias bibliográficas e índices | ||
| 505 | _aHistoria, tipos y características, generalidades de las lanchas interceptoras, marco legal de la Armada de República Dominicana. -- Operaciones marítimas que realiza la Armada de República Dominicana con el uso de las lanchas interceptoras. -- Análisis y evaluación del desempeño de las lanchas interceptoras, y prospectiva de Armada de República Dominicana en cuanto a estas | ||
| 700 | 1 |
_aFeliz Ledesma, Manuel Virgilio _easesor |
|
| 700 | 1 |
_aGonzález Polanco, Heriberto _easesor |
|
| 700 | 1 |
_a Moreno Abreu, Ramón A. _easesor |
|
| 830 | _aINSUDE. Academia Naval Marina de Guerra “Vicealmirante Cesar D’Windt Lavandier”. Tesis y disertaciones académicas | ||
| 942 |
_2CL _cT |
||